Atlas of Functional Histology (Record no. 461)

MARC details
000 -LEADER
fixed length control field 01008cam a22002894a 4500
001 - CONTROL NUMBER
control field 4982518
003 - CONTROL NUMBER IDENTIFIER
control field OSt
005 - DATE AND TIME OF LATEST TRANSACTION
control field 20241113163539.0
008 - FIXED-LENGTH DATA ELEMENTS--GENERAL INFORMATION
fixed length control field 981106r20001999enka b 001 0 eng
010 ## - LIBRARY OF CONGRESS CONTROL NUMBER
LC control number 98050142
020 ## - INTERNATIONAL STANDARD BOOK NUMBER
International Standard Book Number 0723430721
040 ## - CATALOGING SOURCE
Original cataloging agency DNLM/DLC
Transcribing agency DLC
Modifying agency DLC
042 ## - AUTHENTICATION CODE
Authentication code pcc
050 00 - LIBRARY OF CONGRESS CALL NUMBER
Classification number QM557
Item number .K47 2000
060 10 - NATIONAL LIBRARY OF MEDICINE CALL NUMBER
Classification number QS 517
Item number K41a 1999
082 00 - DEWEY DECIMAL CLASSIFICATION NUMBER
Classification number QS 517 K463a 1998
Edition number 21
100 1# - MAIN ENTRY--PERSONAL NAME
Personal name Kerr, Jeffrey B.
9 (RLIN) 1229
245 10 - TITLE STATEMENT
Title Atlas of Functional Histology
260 ## - PUBLICATION, DISTRIBUTION, ETC. (IMPRINT)
Place of publication, distribution, etc. London ;
Name of publisher, distributor, etc. Harcourt Publishers,
Date of publication, distribution, etc. c2000.
300 ## - PHYSICAL DESCRIPTION
Extent vi, 402 p. :
Other physical details ill. (chiefly col.) ;
Dimensions 26 cm.
500 ## - GENERAL NOTE
General note Originally published: London : Mosby, 1999.
504 ## - BIBLIOGRAPHY, ETC. NOTE
Bibliography, etc Includes bibliographical references and index.
650 #0 - SUBJECT ADDED ENTRY--TOPICAL TERM
Topical term or geographic name as entry element Histology
General subdivision Atlases.
9 (RLIN) 1230
906 ## - LOCAL DATA ELEMENT F, LDF (RLIN)
a 7
b cbc
c orignew
d 1
e ocip
f 19
g y-gencatlg
942 ## - ADDED ENTRY ELEMENTS (KOHA)
Source of classification or shelving scheme Other/Generic Classification Scheme
Koha item type Short Loan
Holdings
Withdrawn status Lost status Source of classification or shelving scheme Damaged status Not for loan Home library Current library Date acquired Source of acquisition Inventory number Total Checkouts Full call number Barcode Date last seen Koha item type
    Other/Generic Classification Scheme     MUST Main Library MUST Main Library 18/09/2014 Purchase 00/14786   QS 517 K463a 1998 2014-2853 18/09/2014 Open Shelf
    Other/Generic Classification Scheme     MUST Main Library MUST Main Library 18/09/2014 Purchase 00/14787   QS 517 K463a 1998 2014-2854 18/09/2014 Open Shelf